<?xml version="1.0" encoding="UTF-8"?><?xml-stylesheet type="text/xsl" href="static/style.xsl"?><OAI-PMH xmlns="http://www.openarchives.org/OAI/2.0/" xmlns:xsi="http://www.w3.org/2001/XMLSchema-instance" xsi:schemaLocation="http://www.openarchives.org/OAI/2.0/ http://www.openarchives.org/OAI/2.0/OAI-PMH.xsd"><responseDate>2026-04-14T05:15:11Z</responseDate><request verb="GetRecord" identifier="oai:www.recercat.cat:10459.1/469110" metadataPrefix="marc">https://recercat.cat/oai/request</request><GetRecord><record><header><identifier>oai:recercat.cat:10459.1/469110</identifier><datestamp>2025-11-25T19:48:42Z</datestamp><setSpec>com_2072_3622</setSpec><setSpec>col_2072_479130</setSpec></header><metadata><record xmlns="http://www.loc.gov/MARC21/slim" xmlns:dcterms="http://purl.org/dc/terms/" xmlns:xsi="http://www.w3.org/2001/XMLSchema-instance" xmlns:doc="http://www.lyncode.com/xoai" xsi:schemaLocation="http://www.loc.gov/MARC21/slim http://www.loc.gov/standards/marcxml/schema/MARC21slim.xsd">
   <leader>00925njm 22002777a 4500</leader>
   <datafield ind2=" " ind1=" " tag="042">
      <subfield code="a">dc</subfield>
   </datafield>
   <datafield ind2=" " ind1=" " tag="720">
      <subfield code="a">Aguiló-Aguayo, Ingrid</subfield>
      <subfield code="e">author</subfield>
   </datafield>
   <datafield ind2=" " ind1=" " tag="720">
      <subfield code="a">Oms Oliu, Gemma</subfield>
      <subfield code="e">author</subfield>
   </datafield>
   <datafield ind2=" " ind1=" " tag="720">
      <subfield code="a">Soliva-Fortuny, Robert</subfield>
      <subfield code="e">author</subfield>
   </datafield>
   <datafield ind2=" " ind1=" " tag="720">
      <subfield code="a">Martín Belloso, Olga</subfield>
      <subfield code="e">author</subfield>
   </datafield>
   <datafield ind2=" " ind1=" " tag="260">
      <subfield code="c">2009</subfield>
   </datafield>
   <datafield ind2=" " ind1=" " tag="520">
      <subfield code="a">The effects of high-intensity pulsed electric field (HIPEF) processing (35 kV/cm for 1700 μs applying 4-μs pulses at 100 Hz in bipolar mode) on color, viscosity and PME and PG activities in strawberry juice were studied and compared to those of heat treatments (90 °C for 60 s or 30 s) through 63 days of storage. L∗ and viscosity values of the HIPEF-processed juices were higher than those found in the thermally treated. In addition, HIPEF-treated juice exhibited lower 5-(hydroxymethyl)-2-furfural (HMF) concentration and browning index than heat-treated juices throughout storage. On the other hand, HIPEF-treated juice maintained low residual pectin methylesterase (PME) activity (13.1%) for 63 days, whereas in the case of the thermally treated, 22.2 and 48.8% was retained after 60 s and 30 s, respectively. Strawberry juice treated by HIPEF achieved lower residual polygalacturonase (PG) activity (73.3%) than those of heat-processed at 90 °C for 60 s (76.2%) or 30 s (96.8%). Thus, HIPEF could be a feasible alternative to thermal processing to minimize browning and viscosity loss in strawberry juice during storage.</subfield>
   </datafield>
   <datafield ind2=" " ind1=" " tag="520">
      <subfield code="a">This study has also been carried out with financial support from the Commission of the European Communities, Framework 6, Priority 5 ‘Food Quality and Safety’, Integrated Project NovelQ FP6-CT-2006-015710. I. Aguiló-Aguayo thanks to the Ministerio de Educación y Ciencia (Spain) for the pre-doctoral grant.</subfield>
   </datafield>
   <datafield ind1="8" ind2=" " tag="024">
      <subfield code="a">http://hdl.handle.net/10459.1/469110</subfield>
   </datafield>
   <datafield tag="653" ind2=" " ind1=" ">
      <subfield code="a">High-intensity pulsed electric fields</subfield>
   </datafield>
   <datafield tag="653" ind2=" " ind1=" ">
      <subfield code="a">Strawberry juice</subfield>
   </datafield>
   <datafield tag="653" ind2=" " ind1=" ">
      <subfield code="a">Color</subfield>
   </datafield>
   <datafield tag="653" ind2=" " ind1=" ">
      <subfield code="a">Viscosity</subfield>
   </datafield>
   <datafield ind2="0" ind1="0" tag="245">
      <subfield code="a">Changes in quality attributes throughout storage of strawberry juice processed by high-intensity pulsed electric fields or heat treatments</subfield>
   </datafield>
</record></metadata></record></GetRecord></OAI-PMH>